000 00768nam a2200217 a 4500
001 000425777
003 AM-YeHGA
005 20250618072445.0
008 050504s2004 ai 000 | arm d
020 _a9993063142
040 _aAM-YeHGA
041 0 _aarm
100 1 _aՍարիբեկյան, Կամսար
245 1 0 _aԻնքնաբռնկում :
_bԱսք /
_cԿ. Սարիբեկյան; Խմբ.՝ Ջ. Խուդոյան.
260 _aԵրևան :
_bԱնահիտ,
_c2004.
300 _a33 էջ ;
_c14 սմ.
500 _aՆվ. է Օ. Օքրոյանի ծննդյան 65-ամյակին
650 1 4 _aՀայ գրողների կյանքն ու գործունեությունը
_94515
700 1 _aԽուդոյան, Ջուլիետա
_eխմբ.
_4edt
090 _c163304
999 _c161898
_d161898